The Pomegranate Enter Prise (Record no. 67588)

MARC details
000 -LEADER
fixed length control field 00239nam a22000977a 4500
100 ## - MAIN ENTRY--AUTHOR NAME
Personal name State Bank Pakistan
245 ## - TITLE STATEMENT
Title The Pomegranate Enter Prise
260 ## - PUBLICATION, DISTRIBUTION, ETC. (IMPRINT)
Place of publication Pakistan,
Name of publisher Banking Service Corporation:
Year of publication 2019.
300 ## - PHYSICAL DESCRIPTION
Number of Pages 146p.
942 ## - ADDED ENTRY ELEMENTS (KOHA)
Koha item type Books
Holdings
Withdrawn status Lost status Home library Current library Date acquired Accession Number Koha item type
    Central Library, QUEST, Nawabshah Central Library, QUEST, Nawabshah 23/05/2022 D2186 Books